Anclajes del Puente Morote
Guardado en:
| Autor principal: | |
|---|---|
| Formato: | Desconocido |
| Publicado: |
[San José, Costa Rica]
1957
|
| Materias: | |
| Etiquetas: |
Agregar Etiqueta
Sin Etiquetas, Sea el primero en etiquetar este registro!
|
MARC
| LEADER | 00000 a2200000 4500 | ||
|---|---|---|---|
| 003 | 011040 | ||
| 005 | 20221231143803.0 | ||
| 008 | 140114s1957 c a m 000 ||s d | ||
| 040 | |c cru CEDI | ||
| 090 | |a TFG 088 | ||
| 100 | |a Coto Albán, Miguel A. |9 17187 | ||
| 245 | |a Anclajes del Puente Morote | ||
| 260 | |c 1957 |a [San José, Costa Rica] | ||
| 300 | |a [20] hojas : 4 fotografías, planos (plegables) ; 28 cm | ||
| 500 | |a Tesis (Ingeniero Civil) Universidad de Costa Rica. | ||
| 501 | |a Ed. mecanografiada. | ||
| 648 | |x PUENTES |9 17188 | ||
| 942 | |c TFG | ||
| 999 | |c 11972 |d 11972 | ||
